000 00519nam a2200193 a 4500
001 1767765542106
003 YourLibrary
005 20260107144639.0
008 260107s2010##################000#0#eng##
020 _a9780840031976
082 0 4 _a300.727
_bSTA
100 1 _aStangor, Charles,
_eauthor.
245 1 0 _aResearch Methods for the Behavioral Sciences :
260 _bCengage Learning,
_c2010.
300 _a464 pages
650 0 _aPsychology.
942 _cENGLISH
040 _aYourLibrary
_beng
_cYourLibrary
999 _c607477
_d607477